00392nam a2200169Ia 4500008004100000020001800041245001700059245001600076260001500092260001600107260000900123300001500132300002500147300001000172440003200182500000800214170705s9999 xx 000 0 und d a9780439876445 aLightning! / cJeff Bauer. aNew York : bScholastic, c2006 a16 pages : bcolor illustration ; c23cm. aScience vocabulary readers. a520